La Plata, ciudad nueva, ciudad antigua (Registro nro. 1549)
[ vista simple ]
| 000 -LEADER | |
|---|---|
| fixed length control field | 01171 a2200205 4500 |
| 001 - CONTROL NUMBER | |
| control field | 27124 |
| 005 - DATE AND TIME OF LATEST TRANSACTION | |
| control field | 20260407155548.0 |
| 008 - FIXED-LENGTH DATA ELEMENTS--GENERAL INFORMATION | |
| fixed length control field | 260407a1983 arg spa d |
| 003 - CONTROL NUMBER IDENTIFIER | |
| control field | AR-UNSa-BCEJYS |
| 040 ## - CATALOGING SOURCE | |
| Original cataloging agency | AR-UNSa-BCEJYS |
| Language of cataloging | spa |
| Transcribing agency | AR-UNSa-BCEJYS |
| 080 ## - UNIVERSAL DECIMAL CLASSIFICATION NUMBER | |
| Universal Decimal Classification number | 711(82) |
| Common auxiliary subdivision | Urbanismo en Argentina |
| 020 ## - INTERNATIONAL STANDARD BOOK NUMBER | |
| International Standard Book Number | 84-7088-331-3 |
| 100 1# - MAIN ENTRY--PERSONAL NAME | |
| Personal name | Terán, Fernando de |
| 245 10 - TITLE STATEMENT | |
| Title | La Plata, ciudad nueva, ciudad antigua |
| Name of part/section of a work | historia, forma y estructura de un espacio urbano singular |
| 264 #1 - PRODUCTION, PUBLICATION, DISTRIBUTION, MANUFACTURE, AND COPYRIGHT NOTICE | |
| Place of production, publication, distribution, manufacture | La Plata : |
| Name of producer, publisher, distributor, manufacturer | (EDULP) Editorial de la Universidad Nacional de la Plata |
| Date of production, publication, distribution, manufacture, or copyright notice | 1983 |
| 300 ## - PHYSICAL DESCRIPTION | |
| Extent | 413 p. |
| Dimensions | 22 cm. |
| 505 ## - FORMATTED CONTENTS NOTE | |
| Formatted contents note | 1. Tiempo - 2. Lugar - 3. Antecedentes - 4. Modo - 5. Descripción general - 6. Arquitectura y paisaje urbano fundacionales - 7. Resonancias formales y culturales - 8. La fundación - 9. Evolución de la región con posterioridad a la fundación - 10. Transformaciones formales de la traza - 11. Arquitectura y paisaje urbano actual - 12. La vía pública urbana - 13. El elemento vegetal - 14. Población y actividades - 15. Canales y flujos - 16. Estructura urbana - 17. Sintesís - 18. Recomendaciones |
| 590 ## - LOCAL NOTE (RLIN) | |
| Local note | niveau_biblio:m niveau_hierar:0 |
| 942 ## - ADDED ENTRY ELEMENTS (KOHA) | |
| Koha item type | |
| Withdrawn status | Lost status | Damaged status | Not for loan | Home library | Current library | Shelving location | Date acquired | Total checkouts | Full call number | Barcode | Date last seen | Price effective from | Koha item type |
|---|---|---|---|---|---|---|---|---|---|---|---|---|---|
| Biblioteca Prof. Eusebio Cleto del Rey | Biblioteca Prof. Eusebio Cleto del Rey | 07/04/2026 | 711(82) T315 | L58456 | 07/04/2026 | 07/04/2026 | Libro |